000 00687nam a22001817a 4500
003 UA-OsUOA
001 16349
007 ta
008 20040103b un ||||| |||| 00| 0 ukr d
100 _aСладковський В.
942 _cSA
040 _aUA-OsUOA
_cUA-OsUOA
_dUA-OsUOA
245 _aМайстер вашої справи: [Бесіда з директором Рівнен. приват. п-ва "Анкор", яке займається комплекс. постачанням госп. товарів та інструменту]
300 _aС.9
955 _a0
773 0 _w0
_tОго
_dРівне
_d2003
_g№206/ 27 листоп./
650 7 _aАнкор
_2UDC
999 _c302514
_d302514